| 000 | 00959nam a22002537a 4500 | ||
|---|---|---|---|
| 999 |
_c17991 _d17991 |
||
| 003 | AR-CdUCM | ||
| 008 | 190511b ||||| |||| 00| 0 spa d | ||
| 040 |
_aMUNICIPALIDAD PROVINCIAL DEL CUSCO _cBIBLIOTECA MUNICIPAL DEL CUSCO |
||
| 041 | _hfre | ||
| 082 |
_23ed. _a330 / _bF78 |
||
| 100 |
_aFourastié, Jean _912744 |
||
| 245 | _a¿Por qué trabajamos? / | ||
| 260 |
_aBuenos Aires : _bEUDEBA, _c1962. |
||
| 300 |
_a135 páginas ; _bcuadros, _c19 cm. |
||
| 440 |
_aLectores de Eudeba. _938121 |
||
| 505 | _aContenido: ¿Por qué trabajamos? -- Cómo trabajamos -- El racionamiento y los ingresos -- Los ingresos y los precios -- El empleo y los salarios -- El salario indirecto: la seguridad social ... | ||
| 650 |
_aEconomía _9382 |
||
| 650 |
_aCondiciones económicas _91989 |
||
| 650 |
_aSiglo XX _98 |
||
| 650 |
_aEl trabajo _938303 |
||
| 700 |
_aReilly de Fayard, Mireya (traducción) _938304 |
||
| 942 |
_2ddc _cLIBROS |
||
| 945 |
_aachl _d2019-05-11 |
||